MARC

LEADER 00000nam0a2200000 4500
001 299716
005 20231102001229.0
035 |a (RuTPU)RU\TPU\book\324868 
090 |a 299716 
100 |a 20150701d1966 k y0rusy50 ca 
101 1 |a rus  |c eng 
102 |a RU 
105 |a a z 001zy 
200 1 |a Принципы и практические вопросы надежности  |e пер. с англ.  |f С. Р. Калабро 
210 |a Москва  |c Машиностроение  |d 1966 
215 |a 376 с.  |c ил. 
320 |a Библиогр.: с. 365-367. 
320 |a Предметный указатель: с. 368-371. 
606 1 |a Надежность  |x Теория  |2 stltpush  |3 (RuTPU)RU\TPU\subj\44771  |9 64051 
610 1 |a случайные величины 
610 1 |a теория вероятностей 
610 1 |a нормальное распределение 
610 1 |a биномиальное разложение 
610 1 |a данные 
610 1 |a ремонтопригодность 
610 1 |a готовность 
610 1 |a контроль 
610 1 |a прогнозирование 
610 1 |a технические условия 
675 |a 62-192  |v 4 
700 1 |a Калабро  |b С. Р. 
801 1 |a RU  |b 63413507  |c 20150701 
801 2 |a RU  |b 63413507  |c 20210218  |g RCR 
942 |c BK